LEADER 01562nam a2200337 a 4500 001 000000128082 003 CaOOAMICUS 005 20120316140634.0 008 120316s2011 it d u000 u ita r 040 $aPUL$bita 082 04$a657 100 1 $aAntonelli, Valerio.$0(OLS)http://pul/name/68710 245 10$aDebiti, ratei e risconti, fondi e TFR /$cdi Valerio Antonelli e Raffaele D'Alessio. 260 $aMilano :$bIl Sole 24 ore,$c2011. 300 $a143 p. :$bgrafici ;$c24 cm. 490 1 $aBiblioteca del Sapere del Sole 24 Ore 490 1 $aContabilitā facile : bilancio, principi contabili, reddito d'impresa ;$v06 500 $aSulla cop.: Sistema Frizzera, Norme e tributi. 504 $aInclude riferimenti bibliografici ed indice. 650 4$aContabilitā.$0(OLS)http://pul/subject/34457 650 4$aFisco.$0(OLS)http://pul/subject/17813 700 1 $aD'Alessio, Raffaele.$0(OLS)http://pul/name/68712 830 0$aBiblioteca del Sapere del Sole 24 Ore.$0(OLS)http://pul/title/137968 830 0$aContabilitā facile : bilancio, principi contabili, reddito d'impresa ;$v06.$0(OLS)http://pul/title/161849 850 $aPUL 852 $aPUL$W1$xDP2 Cons. Gen., Altre Classi 3$y97$m657 COLL 1.6$j148246$qDDC 21$B146848$CPULBib$Z2$F146848 $H118582 $82 941 1 $a9 996 $6082$a657$9(OLS)http://pul/classification/745 996 $6245$aDebiti, ratei e risconti, fondi e TFR$9(OLS)http://pul/title/161851 996 $6260$aMilano :$bIl Sole 24 ore$9(OLS)http://pul/publisher/69212 LEADER 01541nam a2200277 u 4500 001 000000153021 003 CaOOAMICUS 005 20160720140752.0 008 160719s1959 xxu u000 u eng u 032 $aLibriCat 040 $aPUL$bita 100 1 $aO'Rourke, Kevin,$cO.P.$0(OLS)http://pul/name/18509 245 14$aThe surrender of property rights by religious :$bA canonical study of the cession of administration of property and the disposition of use and usufruct of property /$cKevin O'Rourke, O.P. 260 $aRiver Forest, Ill. :$bAquinas Library,$c1959. 300 $aX, 116 p. ;$c23 cm. 502 $aDissertatio ad lauream in facultate Iuris Canonici apud Pontificium Institutum "Angelicum" de Urbe. 1959. 504 $aBibliografia in nota a pič pagina. 650 4$aProprietā (diritto canonico).$0(OLS)http://pul/subject/3466 650 04$aDiritto canonico.$0(OLS)http://pul/subject/1294 710 2 $aPontificia Universitā S. Tommaso.$bFacoltā di diritto canonico.$kTesi.$0(OLS)http://pul/name/82906 850 $aPUL 852 $aPUL$W1$xDP1 Tesi Pon. Univ. S. Tommaso$y44$mTH S.THOM IUS37$j176224$qTesi$B178587$CPULBib$Z2$F178587 $H20297 $81 941 1 $a16 996 $6245$aThe surrender of property rights by religious :$bA canonical study of the cession of administration of property and the disposition of use and usufruct of property$9(OLS)http://pul/title/30195 996 $6260$aRiver Forest, Ill. :$bAquinas Library$9(OLS)http://pul/publisher/85093